| 000 | 01375nam a22003497a 4500 | ||
|---|---|---|---|
| 003 | CHAP | ||
| 005 | 20220329143152.0 | ||
| 008 | 060927d2006 mx ad rs 10010 spa d | ||
| 010 | _a92810 | ||
| 011 | _a93782 | ||
| 020 | _a9701346920 | ||
| 035 | _a104363 | ||
| 040 | _cCHAP | ||
| 082 | 0 | 4 |
_a517.5 _bF6 2005 |
| 111 | 2 |
_aForo Nacional de Estadística _n(20 _d: 2005 _c: Guanajuato, Gto.) _942488 |
|
| 245 | 1 | 0 | _aMemorias/por Asociación Mexicana de Estadística |
| 260 |
_aAguascalientes, Ags. : _bInstituto Nacional de Estadística, Geografía e Informática , _c2006 |
||
| 300 |
_a152 p. : _bilus. ; gráfs. ; cuadros ; tablas ; diagramas |
||
| 590 |
_aBATCH-UPD _b10 _c20130110 _lUCH01 _h0831 |
||
| 590 |
_aBATCH-UPD _b10 _c20130410 _lUCH01 _h0509 |
||
| 590 |
_aBATCH-UPD _b10 _c20130914 _lUCH01 _h0424 |
||
| 590 |
_aBATCH-UPD _b10 _c20130914 _lUCH01 _h2137 |
||
| 590 |
_aCONVERSION _b10 _c20130109 _lUCH01 _h1351 |
||
| 650 | 1 | 4 |
_aEstadística _xCongresos. _938245 |
| 710 | 0 | 2 |
_aAsociación Mexicana de Estadística. _98045 |
| 710 | 2 | 2 |
_aInstituto Nacional de Estadística, Geografía e Informática. México. _959304 |
| 901 | _aBK | ||
| 905 | _aMarco A. Mendoza T. | ||
| 942 | _cLIBRO | ||
| 949 |
_a517.5 F6 2005 _bBC _cINEGI _d33724000998589 _eINEGI _gDonaciØn _h108269 _i104363 _sb |
||
| 949 |
_a517.5 F6 2005 _bBC _cINEGI _d33724002005629 _eINEGI _fc.2 _gDonaciØn _h108407 _i104363 _sb |
||
| 999 |
_c92810 _d92810 |
||